header

Enigmas of identity (Record no. 228163)

MARC details
000 -LEADER
fixed length control field 01372nam a2200313 a 4500
082 04 - DEWEY DECIMAL CLASSIFICATION NUMBER
Classification number 305
100 1# - MAIN ENTRY--AUTHOR NAME
Personal name Brooks, Peter,
245 10 - TITLE STATEMENT
Title Enigmas of identity
260 ## - PUBLICATION, DISTRIBUTION, ETC. (IMPRINT)
Place of publication Princeton :
Name of publisher Princeton University Press,
Year of publication 2011.
300 ## - PHYSICAL DESCRIPTION
Number of Pages 226 p.
505 0# - FORMATTED CONTENTS NOTE
Formatted contents note Marks of identity -- Egotisms -- The "outcast of the universe"? -- Discovering the self in self-pleasuring -- "Inevitable discovery" : searches, narrative, identity -- The derealization of self -- The madness of art -- Epilogue : the identity paradigm.
650 #0 - SUBJECT ADDED ENTRY--TOPICAL TERM
Topical Term Group identity.
856 40 - ELECTRONIC LOCATION AND ACCESS
Uniform Resource Identifier http://site.ebrary.com/lib/rucke/Doc?id=10492889

No items available.

© 2026 Rongo University
Contact us: librarian | system librarian | Rongo university